| 000 | 01111nam a2200229Ia 4500 | ||
|---|---|---|---|
| 003 | Ost | ||
| 005 | 20260507075755.0 | ||
| 008 | 260507s9999||||xx |||||||||||||| ||und|| | ||
| 020 | _a9789931140573 | ||
| 040 | _cfsecg | ||
| 041 | _aara | ||
| 082 | _a339 | ||
| 100 |
_aإدريس، أميرة _eمؤلف |
||
| 245 | 0 |
_aالاقتصاد الكلي : _bدروس و تمارين محلولة / _c أميرة إدريس |
|
| 260 |
_aالجزائر: _bدار الأجيال الرقمي, _c2023 |
||
| 300 |
_a228 صفحة؛ _bإيضاحات ؛ _c24 سم |
||
| 504 | _aمراجع ص.223-228 | ||
| 520 | _a مفاهيم أساسية في علم الاقتصاد، التحليل الإقتصادي الكلي والناتج الوطني، النموذج الكلاسيكي في التوازن الاقتصادي الكلي، النموذج الكينيزي في التوازن الاقتصادي الكلي، التوازن الآني في سوق السلع والخدمات وسوق النقد | ||
| 653 | _aالإقتصاد الكلي | ||
| 653 | _aالتنمية الاقتصادية | ||
| 942 | _cكتاب | ||
| 999 |
_c46240 _d46240 |
||